000 00578nam a2200229Ia 4500
003 OSt
005 20221007071214.0
006 a|||||r|||| 00| 0
007 ta
008 221006b |||||||| |||| 00| 0 eng d
024 _a18,924
037 _cTextual
040 _aFLL
_cFLL
_beng
041 _2eng
_aeng
082 _aZ1, K8
100 _aFawcett J.E.S. Au.
_9688317
245 0 _aLaw of nations
260 _aLondon
_bAllen lane England
_c1968
300 _a195p
_ccm.
942 _hZ1, K8
_cTEXL
_2CC
999 _c1142755
_d1142755